01072nam a2200253Ia 4500003000900000008004100009020001800050040001600068080002300084111009900107245022800206260005800434300001700492490002700509650001900536650003400555650001000589700002600599700003000625710003900655942000700694999001700701952010000718IN-BaIIA211028s9999 xx 000 0 eng d a1-886733-82-1 cIIA Library a082.2:52bIAU-S192 aSymposium of the International Astronomical Unionn192ndcSouth Africad1998 Sept. 7-11922985 4aThe stellar context of local group galaxiesbproceedings of the 192nd symposium of the IAU held in Cape Town, South Africa, 7-11 Sept. 1998cedited by P. Whitelock and R. Cannon  aCaliforniabAstronomical Society of the Pacificc1999 axviii, 529p. aIAU symposium; no. 192 aGalaxies91286 aLocal group of galaxies91288 aStars aCannon, R. ed.920816 aWhitelock, P., ed.922986 a International Astronomical Union  cBK c13058d13058 00104070aBANbBANcGENd1999-07-05l0o082.2:52/ IAU-S192p13975r2021-11-05w1999-07-05yBK